Wheel of Time - All Severed and Burned Out Characters - Statistics

General Stats
  • This quiz has been taken 32 times
  • The average score is 7 of 18
Answer Stats
Answer % Correct
Siuan Sanche
100%
Leane Sharif
94%
Logain Ablar
83%
Annoura Larisen
61%
Martine Janata
61%
Sashalle Anderly
44%
Irgain Fatamed
39%
Ronaille Vevanios
33%
Amico Nagoyin
28%
Bonwhin Meraighdin
22%
Tetsuan
22%
Guaire Amalasan
17%
Owyn Merrilin
17%
Yurian Stonebow
17%
Moria Karentanis
11%
Raolin Darksbane
11%
Sheriam Bayanar
11%
Emarin Pendaloan
6%
No matching quizzes found
Score Distribution
Percent of People with Each Score
Percentile by Number Answered
Your Score History
You have not taken this quiz